000 01104nam a2200205 i 4500
001 38343
003 ES-MaACL
005 20250513063017.0
007 t|
008 030225m18261833sp ||||1| spa d
100 1 _aCalderón de la Barca, Pedro,
_d1600-1681
_eaut
_9239594
245 1 0 _aComedias escogidas de Don Pedro Calderon de la Barca.
260 _aMadrid :
_bAntonio Fernández,
_c1826-1833.
300 _a4 v. ;
_c15 cm.
505 8 _aContiene: T. I: No hay burlas con el amor. La dama duende. No siempre lo peor es cierto. Mañanas de abril y mayo. -- T. II: El astrólogo fingido. Dar tiempo al tiempo. El Petrarca de Jerusalén. Cúal es mayor perfección. -- T. III: Los empeños de un ocaso. Casa con dos puertas mala es de guardar. Amigo amante y leal. La cisma de Inglaterra. -- T. IV: Peor está que estaba. Mejor está que estaba. Comedias escogidas de Luis Vélez de Guevara. Reinar después de morir. El hollero de Ocaña.
650 1 4 _a
_9239522
852 _x
_x
_aBA
_jR-2394-97
_bR.1377-80 Olim: F-1377-80
942 _2udc
999 _c38343
_d38343